000 00281nam a2200121Ia 4500
008 221030s9999 xx 000 0 und d
041 _aEnglish
100 _aP. N. Gooderham
245 0 _aInternational Management
_cby P. N. Gooderham
260 _c0
650 _aMb
942 _cBK
999 _c14675
_d14675